[Event "AUT-ch"]
[Site "Vienna"]
[Date "2023.07.24"]
[Round "3"]
[White "Baumegger, Siegfried"]
[Black "Brychta, David"]
[Result "1-0"]
[WhiteElo "2415"]
[BlackElo "2159"]
[PlyCount "125"]
[EventDate "2023.07.22"]
[EventType "swiss"]
[EventRounds "9"]
[EventCountry "AUT"]
[SourceTitle "CBM 215 Extra"]
[Source "ChessBase"]
[SourceDate "2023.09.30"]
[SourceVersion "1"]
[SourceVersionDate "2023.09.30"]
[SourceQuality "1"]

1. Nf3 Nf6 2. g3 g6 3. b3 Bg7 4. Bb2 0-0 5. Bg2 d5 6. c4 c5 7. cxd5 Qxd5 8. Nc3 Qd6 9. Rc1 Bd7 10. d4 cxd4 11. Qxd4 Ne8 12. Qe3 Nc6 13. 0-0 Qe6 14. Qxe6 Bxe6 15. Ng5 Bd7 16. Rfd1 Nf6 17. Nge4 Rad8 18. Nc5 Bc8 19. Nb5 a6 20. Bxc6 bxc6 21. Na7 Rd6 22. Be5 Rxd1+ 23. Rxd1 Nd5 24. Nxc6 Bxe5 25. Nxe5 Nc3 26. Rd2 Bh3 27. f3 Rc8 28. Ned3 a5 29. Kf2 h5 30. Rc2 Nd1+ 31. Ke1 Ne3 32. Rc1 g5 33. Kf2 Nd5 34. e4 Nb6 35. Ke3 f6 36. Na4 Rb8 37. Nxb6 Rxb6 38. Rc7 Kf7 39. Ra7 Rb5 40. Kd4 Bf1 41. Nc5 h4 42. a4 Rb8 43. Rxa5 Rd8+ 44. Ke3 h3 45. e5 f5 46. g4 f4+ 47. Kf2 Bd3 48. Ra7 Bc2 49. Rd7 Rb8 50. Rd2 Bg6 51. Rd4 Rc8 52. b4 Bc2 53. a5 Ba4 54. Rd2 Bb5 55. a6 Bc4 56. a7 Ra8 57. Rd7 Bb5 58. Rb7 Bc6 59. Rc7 Bb5 60. e6+ Kf6 61. Nd7+ Kxe6 62. Nb6 Rd8 63. a8Q 1-0

[Event "AUT-ch"]
[Site "Vienna"]
[Date "2023.07.23"]
[Round "2"]
[White "Brychta, David"]
[Black "Schwabeneder, Florian"]
[Result "1/2-1/2"]
[WhiteElo "2159"]
[BlackElo "2389"]
[PlyCount "180"]
[EventDate "2023.07.22"]
[EventType "swiss"]
[EventRounds "9"]
[EventCountry "AUT"]
[SourceTitle "CBM 215 Extra"]
[Source "ChessBase"]
[SourceDate "2023.09.30"]
[SourceVersion "1"]
[SourceVersionDate "2023.09.30"]
[SourceQuality "1"]

1. Nf3 Nf6 2. g3 g6 3. Bg2 Bg7 4. 0-0 0-0 5. d4 d6 6. c4 Ne4 7. Qc2 f5 8. b3 e5 9. dxe5 dxe5 10. Rd1 Qf6 11. Bb2 Nc6 12. a3 a5 13. Rd5 Qe7 14. e3 Be6 15. Rd1 Nc5 16. Nc3 e4 17. Nd4 Nxd4 18. exd4 Nd3 19. Rxd3 exd3 20. Qxd3 Rad8 21. d5 Bc8 22. Rd1 f4 23. Bc1 Bg4 24. f3 Bf5 25. Ne4 Bxe4 26. fxe4 Be5 27. Bh3 Qc5+ 28. Kh1 fxg3 29. hxg3 Kg7 30. Be3 Qe7 31. Kg2 b6 32. a4 Qf6 33. Bg4 h5 34. Be2 h4 35. Qd2 Bxg3 36. Rf1 Qd6 37. Bh6+ Kg8 38. Rxf8+ Rxf8 39. Bxf8 Qxf8 40. Bg4 Kh7 41. Bd1 Bd6 42. Bg4 Qe7 43. Be6 Qf6 44. Qf2 Bf4 45. e5 Bxe5 46. Qxf6 Bxf6 47. Kh3 Kg7 48. Bg4 Kf7 49. Bd1 Ke7 50. Bc2 g5 51. Kg4 Kd6 52. Bg6 Ke5 53. Be8 Be7 54. Bb5 Ke4 55. Bd7 Ke3 56. Bc6 Kf2 57. Kh3 Bd6 58. Bd7 Kf3 59. Bg4+ Kf4 60. Bd7 Ke4 61. Bc6 Kd4 62. Bd7 Kc3 63. Bc6 Kxb3 64. Bb5 c6 65. dxc6 Bc7 66. Kg4 Kc3 67. Kh3 Kd4 68. Ba6 Ke3 69. Bc8 Ke2 70. Bf5 Kd2 71. Bc8 Kd3 72. Ba6 Ke4 73. Kg4 Ke5 74. Bb5 Ke4 75. Ba6 Ke3 76. Bc8 Kf2 77. Kh3 Kf3 78. Bd7 Ke4 79. Bc8 Ke3 80. Kg4 Bf4 81. Ba6 Kf2 82. Kh3 Bc7 83. Bc8 Bd8 84. c7 Bxc7 85. Bd7 Kf3 86. Bc6+ Kf4 87. Bd7 Ke5 88. Kg4 Bd8 89. Bc6 Kd4 90. Bb5 Kc5 1/2-1/2

[Event "CZE-chT1W 2223"]
[Site "Czech Republic"]
[Date "2023.04.02"]
[Round "11.2"]
[White "Marikova, Jana"]
[Black "Brychta, David"]
[Result "1/2-1/2"]
[WhiteElo "2153"]
[BlackElo "2144"]
[PlyCount "96"]
[EventDate "2022.10.09"]
[EventType "team-tourn"]
[EventRounds "11"]
[EventCountry "CZE"]
[SourceTitle "EXT 2024"]
[Source "ChessBase"]
[SourceDate "2023.10.10"]
[SourceVersion "1"]
[SourceVersionDate "2023.10.10"]
[SourceQuality "1"]
[WhiteTeam "Ricany Betsys"]
[BlackTeam "Gordic"]
[WhiteTeamCountry "CZE"]
[BlackTeamCountry "CZE"]

1. d4 Nf6 2. c4 g6 3. Nc3 d5 4. cxd5 Nxd5 5. e4 Nxc3 6. bxc3 Bg7 7. Bc4 c5 8. Ne2 0-0 9. 0-0 cxd4 10. cxd4 Nc6 11. Be3 Bg4 12. f3 Na5 13. Bd3 Be6 14. d5 Bxa1 15. Qxa1 f6 16. Kh1 Bf7 17. Bh6 Rc8 18. Bxf8 Kxf8 19. f4 Rc5 20. f5 Kg7 21. fxg6 hxg6 22. Qd4 b6 23. Qe3 Qd6 24. Rf3 Qe5 25. h4 Nc4 26. Bxc4 Rxc4 27. Ng3 e6 28. dxe6 Bxe6 29. Qa3 Bg4 30. Rd3 Qc7 31. Kh2 Rxe4 32. Rc3 Qb8 33. Qc1 Re7 34. Rc6 Qe5 35. Qc4 Be6 36. Qb4 Bxa2 37. h5 gxh5 38. Qxe7+ Qxe7 39. Nf5+ Kf7 40. Nxe7 Kxe7 41. Rc7+ Ke6 42. Rxa7 Bc4 43. Rh7 Be2 44. Kg3 b5 45. Kf2 Bd3 46. Rxh5 b4 47. Ke3 Bc2 48. Rb5 b3 1/2-1/2

[Event "CZE-chT1W 2223"]
[Site "Czech Republic"]
[Date "2023.03.19"]
[Round "10.6"]
[White "Brychta, David"]
[Black "Trejbal, Stanislav"]
[Result "1/2-1/2"]
[WhiteElo "2144"]
[BlackElo "2076"]
[PlyCount "120"]
[EventDate "2022.10.09"]
[EventType "team-tourn"]
[EventRounds "11"]
[EventCountry "CZE"]
[SourceTitle "EXT 2024"]
[Source "ChessBase"]
[SourceDate "2023.10.10"]
[SourceVersion "1"]
[SourceVersionDate "2023.10.10"]
[SourceQuality "1"]
[WhiteTeam "Gordic"]
[BlackTeam "Litomerice Slavoj"]
[WhiteTeamCountry "CZE"]
[BlackTeamCountry "CZE"]

1. Nf3 Nf6 2. g3 g6 3. Bg2 Bg7 4. 0-0 0-0 5. d4 d5 6. c4 c6 7. cxd5 cxd5 8. Ne5 Nbd7 9. Nc3 e6 10. f4 a6 11. a4 Qa5 12. Qd3 b5 13. Bd2 Qb6 14. axb5 Nxe5 15. fxe5 Ng4 16. e3 Bb7 17. Bf3 Nh6 18. Be2 axb5 19. Qxb5 Qxb5 20. Bxb5 Nf5 21. Kf2 h5 22. Ke2 Rfd8 23. Rfb1 f6 24. exf6 Bxf6 25. Bd3 Ne7 26. b4 e5 27. dxe5 Bxe5 28. Ra5 Bc7 29. Rxa8 Rxa8 30. Rb2 Kf7 31. Ra2 Rxa2 32. Nxa2 Nc6 33. Bc3 g5 34. Nc1 Ne5 35. Bxe5 Bxe5 36. Nb3 Ke7 37. Nd4 Kf6 38. Bb5 h4 39. Kf2 hxg3+ 40. hxg3 Ke7 41. Kf3 Kd6 42. Bd3 Bc8 43. Bg6 Bd7 44. Bh5 Ke7 45. Bg4 Ba4 46. Kf2 Be8 47. Be2 Bd7 48. Ba6 Kd6 49. Bb7 Be8 50. Bc8 Kc7 51. Be6 Kd6 52. Bf5 Bf7 53. Kf3 Bh5+ 54. g4 Bf7 55. Ke2 Bxd4 56. exd4 Kc6 57. Kd3 Kb6 58. Kc3 Bg8 59. Kb3 Bf7 60. Bd7 Bg8 1/2-1/2

[Event "CZE-chT2D 2223"]
[Site "Czech Republic"]
[Date "2023.01.08"]
[Round "6.4"]
[White "Brychta, David"]
[Black "Brozka, Karel"]
[Result "0-1"]
[WhiteElo "2144"]
[BlackElo "2161"]
[PlyCount "86"]
[EventDate "2022.10.16"]
[EventType "team-tourn"]
[EventRounds "11"]
[EventCountry "CZE"]
[SourceTitle "EXT 2024"]
[Source "ChessBase"]
[SourceDate "2023.10.10"]
[SourceVersion "1"]
[SourceVersionDate "2023.10.10"]
[SourceQuality "1"]
[WhiteTeam "Jihlava Gambit"]
[BlackTeam "Polabiny IV"]
[WhiteTeamCountry "CZE"]
[BlackTeamCountry "CZE"]

1. Nf3 Nf6 2. c4 c6 3. g3 d5 4. b3 Bf5 5. Bg2 e6 6. 0-0 Nbd7 7. Bb2 Bd6 8. d3 Qe7 9. Nbd2 0-0 10. Rc1 e5 11. cxd5 cxd5 12. Nh4 Be6 13. e4 dxe4 14. dxe4 Ba3 15. Bxa3 Qxa3 16. Qc2 Rfd8 17. Nf5 Nb6 18. Nb1 Qa6 19. Rfd1 Bxf5 20. exf5 h6 21. a4 Nbd5 22. Na3 Nb4 23. Qc4 Qxc4 24. Nxc4 e4 25. Nd6 Nd3 26. Nxb7 Rd7 27. Rb1 a5 28. Rxd3 Rxd3 29. Nc5 Rd4 30. h3 Rc8 31. Nb7 Rb4 32. Nd6 Rc3 33. Bf1 Rbxb3 34. Rd1 e3 35. Bc4 exf2+ 36. Kh2 Rb2 37. Bxf7+ Kf8 38. Kg2 f1Q+ 39. Kxf1 Rf3+ 40. Ke1 Rxg3 41. Kf1 Rxh3 42. Kg1 Rg3+ 43. Kf1 Ng4 0-1

[Event "CZE-chT1E 2122"]
[Site "Czech Republic"]
[Date "2022.02.20"]
[Round "9.8"]
[White "Bares, Jachym"]
[Black "Brychta, David"]
[Result "0-1"]
[WhiteElo "2096"]
[BlackElo "2147"]
[PlyCount "148"]
[EventDate "2021.10.09"]
[EventType "team-tourn"]
[EventRounds "11"]
[EventCountry "CZE"]
[SourceTitle "EXT 2023"]
[Source "ChessBase"]
[SourceDate "2022.10.05"]
[SourceVersion "1"]
[SourceVersionDate "2022.10.05"]
[SourceQuality "1"]
[WhiteTeam "Grygov Proclient"]
[BlackTeam "Gordic"]
[WhiteTeamCountry "CZE"]
[BlackTeamCountry "CZE"]

1. e4 c5 2. Nf3 e6 3. d4 cxd4 4. Nxd4 Nf6 5. Bd3 Nc6 6. Nxc6 bxc6 7. 0-0 d5 8. e5 Nd7 9. Qe2 Nc5 10. Nd2 a5 11. Rd1 Ba6 12. Bxa6 Nxa6 13. c4 Qb6 14. Nb3 a4 15. Be3 Qb7 16. Nd4 Bc5 17. Qg4 Kf8 18. Rac1 Bxd4 19. Rxd4 c5 20. Rf4 d4 21. Bd2 Re8 22. Rb1 Qc7 23. Qh5 Nb8 24. Ba5 Qe7 25. Bb6 Rc8 26. b4 axb3 27. Rxb3 Nd7 28. a4 Kg8 29. a5 g6 30. Qe2 Qg5 31. g3 Qxe5 32. Qf3 Qe1+ 33. Kg2 Ne5 34. Qb7 Kg7 35. Re4 Qd1 36. Bc7 Nxc4 37. Rxe6 Rxc7 38. Qxc7 Qxb3 39. Re7 Rf8 40. Qxc5 Qc3 41. Rc7 Ne3+ 42. fxe3 Qxe3 43. Re7 Qd2+ 44. Kh3 Qh6+ 45. Kg2 Qd2+ 46. Kh3 Qf2 47. a6 Qf1+ 48. Kh4 Qxa6 49. Qxd4+ Qf6+ 50. Qxf6+ Kxf6 51. Ra7 Re8 52. Kg4 h5+ 53. Kf3 g5 54. h4 g4+ 55. Kf4 Kg6 56. Ra5 f6 57. Ra1 Rb8 58. Ke3 Rb2 59. Rg1 Kf5 60. Rf1+ Ke5 61. Ra1 Kf5 62. Rf1+ Kg6 63. Rg1 Ra2 64. Ke4 Re2+ 65. Kd3 Rf2 66. Ke3 Rf3+ 67. Ke4 Kf7 68. Rg2 Ke6 69. Rg1 f5+ 70. Kd4 f4 71. gxf4 Kf5 72. Ra1 g3 73. Ra5+ Kxf4 74. Rxh5 g2 0-1

[Event "CZE-chT1E 2122"]
[Site "Czech Republic"]
[Date "2021.12.12"]
[Round "5.4"]
[White "Tuma, Jan"]
[Black "Brychta, David"]
[Result "1-0"]
[WhiteElo "1984"]
[BlackElo "2147"]
[PlyCount "81"]
[EventDate "2021.10.09"]
[EventType "team-tourn"]
[EventRounds "11"]
[EventCountry "CZE"]
[SourceTitle "EXT 2023"]
[Source "ChessBase"]
[SourceDate "2022.10.05"]
[SourceVersion "1"]
[SourceVersionDate "2022.10.05"]
[SourceQuality "1"]
[WhiteTeam "Chotebor"]
[BlackTeam "Gordic"]
[WhiteTeamCountry "CZE"]
[BlackTeamCountry "CZE"]

1. e4 c5 2. Nf3 d6 3. d4 cxd4 4. Nxd4 Nf6 5. Nc3 g6 6. g3 Nc6 7. Nde2 Bg7 8. Bg2 0-0 9. 0-0 Bd7 10. h3 Rb8 11. a4 Nb4 12. Nd5 Nfxd5 13. exd5 Bf5 14. c3 Nd3 15. Be3 Nxb2 16. Qb3 Nd3 17. g4 Bd7 18. Bxa7 Nc5 19. Qb4 Ra8 20. Bb6 Qc8 21. a5 f5 22. f3 Nd3 23. Qb3 Ne5 24. Qb4 Qc4 25. Nd4 Rfc8 26. f4 Nd3 27. Qb1 Qxc3 28. Ne6 Qxa1 29. Qxd3 Qc3 30. Qe2 Rc4 31. Nxg7 Kxg7 32. Qxe7+ Kg8 33. Qxd7 Qf6 34. Qxb7 Re8 35. g5 Qb2 36. a6 Rb4 37. Qc6 Re2 38. Bf2 Qa3 39. Qc8+ Kf7 40. a7 Ra4 41. Qh8 1-0

[Event "CZE-chT1E 2122"]
[Site "Czech Republic"]
[Date "2021.10.10"]
[Round "2.6"]
[White "Brychta, David"]
[Black "Parak, Dominik"]
[Result "0-1"]
[WhiteElo "2147"]
[BlackElo "2130"]
[PlyCount "156"]
[EventDate "2021.10.09"]
[EventType "team-tourn"]
[EventRounds "11"]
[EventCountry "CZE"]
[SourceTitle "EXT 2023"]
[Source "ChessBase"]
[SourceDate "2022.10.05"]
[SourceVersion "1"]
[SourceVersionDate "2022.10.05"]
[SourceQuality "1"]
[WhiteTeam "Gordic"]
[BlackTeam "Vsetin"]
[WhiteTeamCountry "CZE"]
[BlackTeamCountry "CZE"]

1. Nf3 Nf6 2. c4 g6 3. g3 Bg7 4. Bg2 0-0 5. 0-0 d6 6. Nc3 c6 7. d3 Nbd7 8. Bd2 Re8 9. Rb1 e5 10. Qc2 Nc5 11. b4 Ne6 12. e3 Qc7 13. Rfc1 Bd7 14. a4 Rac8 15. Rb2 Qb8 16. Qb3 d5 17. d4 exd4 18. exd4 dxc4 19. Qxc4 Qd6 20. h3 Nc7 21. Qc5 Bf8 22. Qxa7 Ncd5 23. Nxd5 Nxd5 24. Qc5 Qf6 25. Qc4 Be6 26. Qd3 Bf5 27. Qb3 Be6 28. Ne5 Nf4 29. Qf3 Nxh3+ 30. Bxh3 Qxf3 31. Nxf3 Bxh3 32. Be3 Be6 33. b5 Ba3 34. Rcb1 Bxb2 35. Rxb2 Bd5 36. Ne5 f6 37. Nd7 Kf7 38. Nb6 Rcd8 39. Nxd5 cxd5 40. a5 Ra8 41. Ra2 Rec8 42. Bf4 Rc4 43. Bd6 Rc1+ 44. Kg2 Rb1 45. a6 bxa6 46. bxa6 Rb6 47. Bc5 Raxa6 48. Re2 Rb7 49. Rc2 g5 50. g4 Kg6 51. Re2 h5 52. gxh5+ Kxh5 53. Re8 Rd7 54. Kg3 Ra1 55. Re6 Kg6 56. Kg2 Kf5 57. Rb6 Re1 58. Ra6 Re6 59. Ra8 Kf4 60. Ra3 g4 61. Rb3 Re2 62. Rb6 f5 63. Rg6 Rc2 64. Bf8 Ke4 65. Bc5 Rxc5 66. dxc5 Rc7 67. Re6+ Kd3 68. c6 d4 69. Kg3 Kc2 70. Kf4 d3 71. Kxf5 d2 72. Rd6 d1Q 73. Rxd1 Kxd1 74. Kxg4 Ke2 75. f4 Ke3 76. f5 Ke4 77. f6 Ke5 78. Kg5 Rf7 0-1

[Event "CZE-ch Betsys Online Blitz"]
[Site "Chess.com INT"]
[Date "2021.04.17"]
[Round "8"]
[White "Ret, Adam Josef"]
[Black "Brychta, David"]
[Result "0-1"]
[WhiteElo "2109"]
[BlackElo "2147"]
[PlyCount "122"]
[EventDate "2021.04.17"]
[EventType "swiss (blitz)"]
[EventRounds "13"]
[EventCountry "CZE"]
[SourceTitle "CBM 201 Extra"]
[Source "ChessBase"]
[SourceDate "2021.05.31"]
[SourceVersion "1"]
[SourceVersionDate "2021.05.31"]
[SourceQuality "1"]

1. d4 d5 2. c4 c6 3. cxd5 cxd5 4. Bf4 Nc6 5. e3 Qb6 6. Qb3 Qxb3 7. axb3 f6 8. Nf3 g5 9. Bg3 e6 10. Nc3 Bd7 11. Nb5 Rc8 12. Nd6+ Bxd6 13. Bxd6 Nge7 14. Bd3 Nf5 15. Bxf5 exf5 16. 0-0 Be6 17. Ne1 Kd7 18. Bc5 b6 19. Ba3 Na5 20. b4 Nb3 21. Rd1 Rc7 22. Nd3 Rhc8 23. h3 Kc6 24. f4 h6 25. fxg5 hxg5 26. g4 Kb5 27. gxf5 Bf7 28. Nf2 Bh5 29. Ng4 Rc6 30. Kg2 Re8 31. Rde1 Rc2+ 32. Rf2 Rxf2+ 33. Nxf2 Nd2 34. Re2 Ne4 35. Re1 Rc8 36. Nxe4 dxe4 37. Rf1 Bf3+ 38. Kg3 Rc2 39. Rf2 Rc1 40. b3 Rg1+ 41. Kh2 Rh1+ 42. Kg3 Rg1+ 43. Kh2 Re1 44. Kg3 Rxe3 45. Kh2 Rxb3 46. Bc1 Rxb4 47. Bxg5 fxg5 48. Rxf3 exf3 49. f6 Rxd4 50. f7 Rf4 51. Kg3 Rxf7 52. Kf2 Kc4 53. Kf1 f2 54. h4 Kd4 55. hxg5 Ke3 56. g6 Rd7 57. g7 Rd1+ 58. Kg2 Rg1+ 59. Kh2 Rxg7 60. Kh3 f1Q+ 61. Kh4 Qh3+ 0-1

[Event "CZE-ch Betsys Online Blitz"]
[Site "Chess.com INT"]
[Date "2021.04.17"]
[Round "12"]
[White "Roubal, Matyas"]
[Black "Brychta, David"]
[Result "1-0"]
[WhiteElo "1643"]
[BlackElo "2147"]
[PlyCount "57"]
[EventDate "2021.04.17"]
[EventType "swiss (blitz)"]
[EventRounds "13"]
[EventCountry "CZE"]
[SourceTitle "CBM 201 Extra"]
[Source "ChessBase"]
[SourceDate "2021.05.31"]
[SourceVersion "1"]
[SourceVersionDate "2021.05.31"]
[SourceQuality "1"]

1. e4 e5 2. Nf3 Nc6 3. d4 exd4 4. Bc4 d6 5. Nxd4 Qf6 6. Be3 Qg6 7. 0-0 Ne5 8. Bb3 Bh3 9. g3 Qxe4 10. Bxf7+ Kxf7 11. Qh5+ g6 12. Qxh3 c5 13. Nc3 Qg4 14. Qxg4 Nxg4 15. Nf3 h6 16. Nd5 Bg7 17. h3 Nxe3 18. fxe3 Bxb2 19. Rab1 Bf6 20. Rxb7+ Ke6 21. Nc7+ Kf5 22. Nd2+ Ke5 23. Nxa8 Ne7 24. Ne4 Kxe4 25. Rxf6 Nf5 26. Nc7 Nxe3 27. Re6+ Kf3 28. Rb3 Re8 29. Rbxe3# 1-0

[Event "CZE-ch Betsys Online Blitz"]
[Site "Chess.com INT"]
[Date "2021.04.17"]
[Round "10"]
[White "Velicka, Petr"]
[Black "Brychta, David"]
[Result "1-0"]
[WhiteElo "2408"]
[BlackElo "2147"]
[PlyCount "69"]
[EventDate "2021.04.17"]
[EventType "swiss (blitz)"]
[EventRounds "13"]
[EventCountry "CZE"]
[SourceTitle "CBM 201 Extra"]
[Source "ChessBase"]
[SourceDate "2021.05.31"]
[SourceVersion "1"]
[SourceVersionDate "2021.05.31"]
[SourceQuality "1"]

1. e4 e5 2. Nf3 d6 3. d4 Nd7 4. Bc4 c6 5. 0-0 Be7 6. Nc3 Ngf6 7. Re1 0-0 8. a4 b6 9. d5 c5 10. a5 Rb8 11. axb6 axb6 12. Bb5 Ne8 13. Nd2 Nc7 14. Nc4 Nxb5 15. Nxb5 Nf6 16. Bg5 Ne8 17. Bxe7 Qxe7 18. Ra7 Qd8 19. Qa1 f5 20. f3 Rf6 21. Qc1 f4 22. Qd2 g5 23. h3 h5 24. Kf2 g4 25. hxg4 hxg4 26. Rh1 Rg6 27. Kf1 gxf3 28. gxf3 Qg5 29. Qf2 Qg3 30. Qxg3 Rxg3 31. Kf2 Bh3 32. Rh2 Bc8 33. Nbxd6 Nxd6 34. Nxd6 b5 35. Rc7 1-0

[Event "CZE-chT1E 1920"]
[Site "Czech Republic"]
[Date "2020.06.13"]
[Round "10.7"]
[White "Brychta, David"]
[Black "Frank, Adam"]
[Result "1/2-1/2"]
[WhiteElo "2120"]
[BlackElo "2059"]
[PlyCount "145"]
[EventDate "2019.10.20"]
[EventType "team-tourn"]
[EventRounds "11"]
[EventCountry "CZE"]
[SourceTitle "EXT 2021"]
[Source "ChessBase"]
[SourceDate "2020.10.23"]
[SourceVersion "1"]
[SourceVersionDate "2020.10.23"]
[SourceQuality "1"]
[WhiteTeam "Gordic"]
[BlackTeam "Frydek Mistek II"]
[WhiteTeamCountry "CZE"]
[BlackTeamCountry "CZE"]

1. d4 Nf6 2. Nf3 g6 3. g3 Bg7 4. Bg2 0-0 5. 0-0 d6 6. c4 Nbd7 7. Nc3 e5 8. Qc2 c6 9. Rd1 Qe7 10. e4 exd4 11. Nxd4 Nc5 12. h3 Re8 13. f3 Be6 14. b3 Rad8 15. Be3 Bc8 16. Bf2 h5 17. Rab1 Nh7 18. f4 Nf8 19. b4 Nce6 20. Nde2 a6 21. Bb6 Nc7 22. c5 Nfe6 23. cxd6 Rxd6 24. Rxd6 Qxd6 25. e5 Qe7 26. a3 Nb5 27. Nxb5 axb5 28. Rd1 Nf8 29. Nd4 f6 30. Bc5 Qf7 31. exf6 Qxf6 32. Nf3 Bf5 33. Qf2 Qc3 34. Nh4 Qb3 35. Rd2 Bd3 36. Bd4 Ne6 37. Bxg7 Nxg7 38. Qd4 Bc2 39. Nf3 Nf5 40. Qf6 Nxg3 41. Rd7 Nf5 42. Qxg6+ Kf8 43. Qf6+ Kg8 44. Qg5+ Kf8 45. Rh7 Re7 46. Rh8+ Kf7 47. Ne5+ Rxe5 48. fxe5 Qe3+ 49. Qxe3 Nxe3 50. Rb8 Ke6 51. Rxb7 Nxg2 52. Kxg2 Kxe5 53. h4 Kd4 54. Kf3 Kc3 55. Ke3 Kb2 56. Kd4 Kxa3 57. Kc5 Be4 58. Re7 Bd5 59. Re3+ Ka4 60. Re5 Bf3 61. Rf5 Bg4 62. Rf4 Bd7 63. Rf1 Ka3 64. Rb1 Be8 65. Kd4 Bf7 66. Kc3 Ba2 67. Ra1 c5 68. bxc5 b4+ 69. Kd4 b3 70. Ke5 b2 71. Re1 b1Q 72. Rxb1 Bxb1 73. c6 1/2-1/2

[Event "CZE-chT1E 1920"]
[Site "Czech Republic"]
[Date "2020.01.19"]
[Round "6.5"]
[White "Kostka, Vit"]
[Black "Brychta, David"]
[Result "1/2-1/2"]
[WhiteElo "2143"]
[BlackElo "2120"]
[PlyCount "82"]
[EventDate "2019.10.20"]
[EventType "team-tourn"]
[EventRounds "11"]
[EventCountry "CZE"]
[SourceTitle "CBM 194 Extra"]
[Source "ChessBase"]
[SourceDate "2020.03.31"]
[SourceVersion "1"]
[SourceVersionDate "2020.03.31"]
[SourceQuality "1"]
[WhiteTeam "Orlova Slavia"]
[BlackTeam "Gordic"]
[WhiteTeamCountry "CZE"]
[BlackTeamCountry "CZE"]

1. e4 c5 2. Nf3 a6 3. c4 e6 4. Nc3 d6 5. d4 cxd4 6. Nxd4 Nf6 7. Be2 Be7 8. 0-0 0-0 9. Be3 Nc6 10. Rc1 Re8 11. Qd2 Bd7 12. f3 Nxd4 13. Qxd4 Bc6 14. Rfd1 Nd7 15. b4 b6 16. Qd2 Bb7 17. Bf4 Ne5 18. c5 b5 19. cxd6 Bf6 20. a4 Bc6 21. axb5 axb5 22. Be3 Qb8 23. f4 Nd7 24. e5 Bd8 25. Ra1 f6 26. Bd4 Qb7 27. Rxa8 Qxa8 28. Bxb5 Bxb5 29. Nxb5 Qb7 30. Na3 fxe5 31. fxe5 Qd5 32. Qe3 Rf8 33. Nb1 Rf5 34. Nc3 Qc4 35. b5 Bg5 36. Qe1 Bd8 37. Qe2 Qxe2 38. Nxe2 Nxe5 39. Ng3 Rg5 40. Rb1 Nd7 41. Ne4 Rd5 1/2-1/2

[Event "CZE-chT1E 1819"]
[Site "Czech Republic"]
[Date "2018.11.11"]
[Round "2.8"]
[White "Gerych, Jan"]
[Black "Brychta, David"]
[Result "1/2-1/2"]
[WhiteElo "1982"]
[BlackElo "2144"]
[PlyCount "63"]
[EventDate "2018.10.21"]
[EventType "team-tourn"]
[EventRounds "11"]
[EventCountry "CZE"]
[SourceTitle "CBM 187 Extra"]
[Source "ChessBase"]
[SourceDate "2018.11.04"]
[SourceVersion "1"]
[SourceVersionDate "2018.11.04"]
[SourceQuality "1"]
[WhiteTeam "Litovel Tatran"]
[BlackTeam "Gordic"]
[WhiteTeamCountry "CZE"]
[BlackTeamCountry "CZE"]

1. Nf3 Nf6 2. c4 g6 3. Nc3 d5 4. cxd5 Nxd5 5. d4 Bg7 6. e4 Nxc3 7. bxc3 c5 8. Be3 0-0 9. Be2 Qa5 10. Qd2 Rd8 11. Rd1 Nc6 12. h3 Bd7 13. 0-0 Rac8 14. Qb2 cxd4 15. cxd4 Qb4 16. Qxb4 Nxb4 17. Rb1 Nc2 18. Rxb7 Nxe3 19. fxe3 a5 20. Bd1 a4 21. Ng5 f6 22. Rxd7 Rxd7 23. Bg4 Rdc7 24. Be6+ Kf8 25. Bxc8 Rxc8 26. Ne6+ Kf7 27. Nc5 Bh6 28. Kf2 Rb8 29. Nxa4 Rb4 30. Nc3 Rb2+ 31. Kf3 Rc2 32. Nd5 1/2-1/2

[Event "CZE-chT1E 1617"]
[Site "Czech Republic"]
[Date "2017.01.08"]
[Round "5.6"]
[White "Brychta, David"]
[Black "Baier, Pavel"]
[Result "1-0"]
[WhiteElo "2151"]
[BlackElo "2122"]
[PlyCount "61"]
[EventDate "2016.10.16"]
[EventType "team-tourn"]
[EventRounds "11"]
[EventCountry "CZE"]
[SourceTitle "CBM 177 Extra"]
[Source "ChessBase"]
[SourceDate "2017.04.27"]
[SourceVersion "1"]
[SourceVersionDate "2017.04.27"]
[SourceQuality "1"]
[WhiteTeam "Jihlava Gordic"]
[BlackTeam "Havirov Banik"]
[WhiteTeamCountry "CZE"]
[BlackTeamCountry "CZE"]

1. Nf3 Nf6 2. g3 g6 3. Bg2 Bg7 4. 0-0 0-0 5. d4 d6 6. c4 Nc6 7. Nc3 a6 8. h3 Bd7 9. e4 e5 10. Be3 b5 11. dxe5 dxe5 12. cxb5 axb5 13. Bc5 Re8 14. Qd3 Qc8 15. Kh2 b4 16. Nd5 Ra5 17. Rfc1 Nxd5 18. Qxd5 Nd4 19. Nxd4 exd4 20. Qc4 b3 21. axb3 Be6 22. Qd3 Rxa1 23. Rxa1 Qd7 24. f4 Rb8 25. b4 h5 26. Ra7 Bf8 27. Qxd4 Qxd4 28. Bxd4 Rxb4 29. Bc3 Rc4 30. Ra8 Bd7 31. e5 1-0

[Event "CZE-ch blitz"]
[Site "Prague"]
[Date "2016.12.17"]
[Round "15"]
[White "Petr, Martin"]
[Black "Brychta, David"]
[Result "1/2-1/2"]
[WhiteElo "2500"]
[BlackElo "2149"]
[PlyCount "66"]
[EventDate "2016.12.17"]
[EventType "swiss (blitz)"]
[EventRounds "15"]
[EventCountry "CZE"]
[SourceTitle "CBM 176 Extra"]
[Source "ChessBase"]
[SourceDate "2017.03.02"]
[SourceVersion "1"]
[SourceVersionDate "2017.03.02"]
[SourceQuality "1"]

1. e4 c5 2. d4 cxd4 3. c3 dxc3 4. Nxc3 Nc6 5. Nf3 e6 6. Bc4 Qc7 7. Qe2 Nf6 8. e5 Ng4 9. Bf4 a6 10. h3 Nh6 11. 0-0 Nf5 12. Rad1 Be7 13. Ne4 b5 14. Bb3 Bb7 15. g4 Nh6 16. Rc1 Ng8 17. Rfd1 Qb6 18. Be3 Qa5 19. Bc5 Bxc5 20. Rxc5 Qc7 21. Nd6+ Kf8 22. Qe3 f6 23. Nxb7 Qxb7 24. Rd6 fxe5 25. Nxe5 Nxe5 26. Qxe5 Nf6 27. g5 Ne4 28. Rd3 Nxc5 29. Qxc5+ Ke8 30. Bd1 Rc8 31. Qd6 Qc6 32. Bf3 Qxd6 33. Rxd6 Ke7 1/2-1/2

[Event "CZE-chT2E 1516"]
[Site "Czech Republic"]
[Date "2016.01.24"]
[Round "6.7"]
[White "Brychta, David"]
[Black "Fojtik, Tomas"]
[Result "1-0"]
[WhiteElo "2146"]
[BlackElo "2025"]
[PlyCount "69"]
[EventDate "2015.10.18"]
[EventType "team-tourn"]
[EventRounds "11"]
[EventCountry "CZE"]
[SourceTitle "EXT 2022"]
[Source "ChessBase"]
[SourceDate "2021.10.06"]
[SourceVersion "1"]
[SourceVersionDate "2021.10.06"]
[SourceQuality "1"]
[WhiteTeam "Jihlava Gordic"]
[BlackTeam "Lipovec Garde"]
[WhiteTeamCountry "CZE"]
[BlackTeamCountry "CZE"]

1. Nf3 Nf6 2. d4 c5 3. g3 e6 4. Bg2 Nc6 5. 0-0 a6 6. c4 cxd4 7. Nxd4 Bc5 8. Nb3 Be7 9. Nc3 0-0 10. e4 d6 11. Nd4 Qc7 12. Nde2 b6 13. h3 Bb7 14. Be3 Ne5 15. b3 Ned7 16. g4 Nc5 17. Ng3 Rfd8 18. Rc1 Rac8 19. g5 Ne8 20. h4 Qb8 21. h5 g6 22. f4 Qa8 23. Qf3 f5 24. gxf6 Nxf6 25. hxg6 hxg6 26. f5 Rf8 27. fxg6 Kg7 28. Qf4 Rh8 29. Nd5 Nd3 30. Qg5 Bxd5 31. exd5 Nxc1 32. dxe6 Ne2+ 33. Nxe2 Qa7 34. Bd4 Rcf8 35. Ng3 1-0